000 00230nam a2200097Ia 4500
008 190216s9999||||xx |||||||||||||| ||und||
100 _aGilbert M Smith
245 0 _aCriptogamic Botany Vol-2
260 _bMcgraw -hill
942 _cBK
999 _c1010
_d1010